|
|
|
|
| LEADER |
00000nam0a2200000 4500 |
| 001 |
119334 |
| 005 |
20231031124520.0 |
| 010 |
|
|
|a 5030004904
|
| 020 |
|
|
|a RU
|b 89-15075
|
| 035 |
|
|
|a (RuTPU)RU\TPU\book\129157
|
| 090 |
|
|
|a 119334
|
| 100 |
|
|
|a 20070629d1988 km y0rusy5003 ca
|
| 101 |
1 |
|
|a rus
|c eng
|
| 102 |
|
|
|a RU
|
| 105 |
|
|
|a a z 001zy
|
| 200 |
1 |
|
|a Введение в логическое программирование
|f К. Дж. Хоггер
|g Перевод с англ. М. В. Захарьящева; Под ред. Ю. И. Янова
|
| 210 |
|
|
|a Москва
|c Мир
|d 1988
|
| 215 |
|
|
|a 348 с.
|c ил.
|
| 320 |
|
|
|a Библиогр.: с. 328-338.
|
| 320 |
|
|
|a Предм. указ.: с. 339-344.
|
| 610 |
1 |
|
|a логическое программирование
|
| 610 |
1 |
|
|a логические программы
|
| 610 |
1 |
|
|a структуры данных
|
| 610 |
1 |
|
|a верификация
|
| 610 |
1 |
|
|a реализация
|
| 610 |
1 |
|
|a вычисления
|
| 610 |
1 |
|
|a теория
|
| 675 |
|
|
|a 681.3.06
|z rus
|
| 700 |
|
1 |
|a Хоггер
|b К. Дж.
|g Кристофер Джон
|4 070
|
| 702 |
|
1 |
|a Янов
|b Ю. И.
|4 340
|
| 702 |
|
1 |
|a Захарьящев
|b М. В.
|4 730
|
| 801 |
|
0 |
|a RU
|b RuMRKP
|c 19950417
|g psbo
|
| 801 |
|
1 |
|a RU
|b 63413507
|c 20070629
|g PSBO
|
| 801 |
|
2 |
|a RU
|b 63413507
|c 20160119
|g PSBO
|
| 942 |
|
|
|c BK
|